00786nam a2200157 a 450000100100000000500170001000800410002704000250006810000340009324502300012726000570035730000210041404900090043595201670044499900170061100003233020200930065602.0110714s1925 dr 000 0 spa d aDO-SdBNPbspacBNPHU1 aRepública Dominicana93584310aMemoria que al Hon. presidente de la República, presenta el Lic. P. A. Luberes Hijo, secretario de Estado de Justicia é Instrucción Pública de su ejercicio durante el período del 12 de julio al 31 de diciembre 1924. aSanto Domingo :bImp. de J. R. Vda. García,c1925. a112 p. ;c27 cm. aBNPD 001050718RVaPDbPDcCTd2011-07-14iLF1l0o p32330-10r2020-06-25w2020-06-25y1zPerteneció a la biblioteca personal de Julio Ortega Frier.ZNo se presta c31821d31821